Lecturas de Psicología del Niño /

Contiene: V.1 Las Teorías, los Métodos y el Desarrollo Temprano V.2 El Desarrollo Cognitivo y Afectivo del Niño y del Adolescente

Պահպանված է:
Մատենագիտական մանրամասներ
Հիմնական հեղինակ: Delval, Juan (autor)
Ձևաչափ: Գիրք
Լեզու:իսպաներեն
Հրապարակվել է: Madrid, España : Alianza, 1983
Խորագրեր:
Ցուցիչներ: Ավելացրեք ցուցիչ
Չկան պիտակներ, Եղեք առաջինը, ով նշում է այս գրառումը!

MARC

LEADER 00000nam^a2200000^a^4500
001 000018759
005 20250521000000.0
009 20260310084230.751
037 |a Acervo ITESO - Biblioteca 
041 |a ESP 
082 |a 155. 4  |b DEL V. 2 
100 |a Delval, Juan  |e (autor) 
245 1 0 |a Lecturas de Psicología del Niño /  |c J. Delval. 
264 1 |a Madrid, España :  |b Alianza,  |c 1983 
300 |a 2 v. 
336 |a texto  |b txt  |2 rdacontenido 
337 |a sin mediación  |b n  |2 rdamedio 
338 |a volumen  |b nc  |2 rdasoporte 
520 |a Contiene: V.1 Las Teorías, los Métodos y el Desarrollo Temprano V.2 El Desarrollo Cognitivo y Afectivo del Niño y del Adolescente 
649 |a XX 
650 |a Psicología 
910 |a Fondo General 
920 |a Impresos - Libros 
930 |a Colección General 
905 |a 101 
901 |a 0187590100  |b IT1  |c ACC  |i 018759  |u 20250521 
902 |a https://opac.biblio.iteso.mx/vufind/Record/000018759